|
|
|
|
| LEADER |
01080nam a2200253 a 4500 |
| 001 |
1541988 |
| 008 |
130225t19941992cau b s001 0 eng d |
| 010 |
|
|
|a 91014044
|
| 020 |
|
|
|a 0520075129
|
| 020 |
|
|
|a 0520075110 (cloth : permanent paper)
|
| 040 |
|
|
|a DLC
|c DLC
|d DLC
|d BD-DhAAL
|
| 082 |
0 |
0 |
|a 306.4/61
|2 20
|
| 245 |
0 |
0 |
|a Pain as human experience :
|b an anthropological perspective /
|c edited by Mary-Jo DelVecchio Good ... [et al.].
|
| 260 |
|
|
|a Berkeley :
|b University of California Press,
|c c1992. [First paperback printing 1994]
|
| 300 |
|
|
|a vii, 214 p. ;
|c 24 cm.
|
| 490 |
1 |
|
|a Comparative studies of health systems and medical care
|
| 504 |
|
|
|a Includes bibliographical references and index.
|
| 541 |
1 |
|
|e 00026675
|
| 650 |
|
0 |
|a Medical anthropology.
|
| 650 |
|
0 |
|a Pain
|x Social aspects.
|
| 700 |
1 |
|
|a Good, Mary-Jo DelVecchio.
|
| 852 |
1 |
|
|a Ayesha Abed Library
|j General Shelf.
|
| 999 |
|
|
|c 13195
|d 13195
|
| 952 |
|
|
|0 0
|1 0
|2 ddc
|4 0
|6 306_461000000000000_PAI
|7 0
|9 21969
|a JPGSPH
|b JPGSPH
|d 2013-02-25
|e Karim International
|g 2370.00
|l 0
|o 306.461 PAI
|p 3060026675
|r 2013-02-25
|t 1
|w 2013-02-25
|y BK
|